Statistics for Name the members of NSYNC

Click here to take the quiz!

General Stats

  • This quiz has been taken 41 times
  • The average score is 4 of 5

Answer Stats

HintAnswer% Correct
He's bringing sexy backJustin Timberlake
100%
Trained to be a cosmonautLance Bass
91%
Appeared as "Rabbit" on the first season of The Masked SingerJoey Fatone
88%
Former judge on America's Best Dance CrewJC Chasez
82%
The founding member- also a former member of the group SureshotChris Kirkpatrick
79%

Score Distribution

Percentile by Number Answered

Percent of People with Each Score

Your Score History

You have not taken this quiz